Score 0/9 Timer 10:00
0 Plays Today
Quote Answer % Correct
I did not have asexual relations with that womanBill Clinton
100%
It's like 10,000 spoons when all you need is a knife, it's like having a husband when you really want a wife.Alanis Morissette
75%
I want to lay like this forever, until this guy falls down on meSavage Garden
25%
I'm taking my talons to south beachLebron James
25%
I only have ice for youThe Flamingos
0%
I play it off but I'm dreaming of Hugh, and I'll keep my cool but I'm feelin'Macy Gray
0%
Tom grabs you by the wrist, directs you where to goGreen Day
0%
If you can't brux, chew on this, ___Trident
0%
Hang on snoopy, snoopy hang on.The McCoys
0%
Remove Ads.
Support Sporcle.
Get the best of Sporcle when you Go Orange. This ad-free experience offers more features, more stats, and more fun while also helping to support Sporcle. Thank you for becoming a member.

You're not logged in!

Compare scores with friends on all Sporcle quizzes.
OR
Log In

Show Comments

Extras

Created Oct 20, 2013ReportNominate
Tags:Quote Quiz, Misquote, Misquoted

Top Quizzes Today


Score Distribution

Your Account Isn't Verified!

In order to create a playlist on Sporcle, you need to verify the email address you used during registration. Go to your Sporcle Settings to finish the process.

Report this User

Report this user for behavior that violates our Community Guidelines.

Details: